[Event "2. BUNDESLIGA MITTE 2014/2015"]
[Site "Fuerstenfeld"]
[Date "2014.11.15"]
[Round "4"]
[Board "2"]
[White "Csonka, Attila"]
[Black "Degtiarev, Evgeny"]
[Result "0-1"]
[WhiteElo "2331"]
[BlackElo "2437"]
[PlyCount "114"]
[EventDate "2014.10.03"]
[EventType "team"]
[EventRounds "11"]
[EventCountry "AUT"]
[WhiteTeam "Union Styria Graz"]
[BlackTeam "RbEJ Gleisdorf"]

1. e4 c5 2. Nf3 d6 3. d4 cxd4 4. Qxd4 Bd7 5. Bg5 Nc6 6. Qd2 h6 7. Be3 Nf6 8.
Nc3 a6 9. Nd4 Ng4 10. Nxc6 bxc6 11. Be2 Nxe3 12. Qxe3 a5 13. O-O Rb8 14. Bc4 e6
15. Kh1 Be7 16. f4 O-O 17. b3 d5 18. Bd3 f5 19. exf5 exf5 20. Ne2 Bd6 21. c4
Qb6 22. Qf3 Be6 23. Rac1 d4 24. Rce1 Bc8 25. Ng3 g6 26. h4 Qc7 27. c5 Bxc5 28.
Rc1 Qe7 29. h5 Be6 30. Qxc6 Rbc8 31. Qa6 Bd6 32. Ne2 gxh5 33. Rxc8 Bxc8 34.
Qc4+ Be6 35. Qc6 Bf7 36. Rf3 h4 37. Nxd4 Bh5 38. Qd5+ Kh8 39. Rf1 Bg4 40. Bxf5
Bh5 41. Be6 Bg6 42. Nc6 Qc7 43. f5 Be8 44. Rc1 Ba3 45. Rc4 Bxc6 46. Rxc6 Qf4
47. Rc4 Qf1+ 48. Kh2 Be7 49. Qd4+ Bf6 50. Qd6 Re8 51. Re4 h3 52. Kxh3 Rd8 53.
Qc5 Qh1+ 54. Kg3 Rd3+ 55. Re3 Qe1+ 56. Kf3 Qf1+ 57. Kg3 Bh4+ 0-1

[Event "2. BUNDESLIGA MITTE 2014/2015"]
[Site "Fuerstenfeld"]
[Date "2014.11.15"]
[Round "4"]
[Board "3"]
[White "Frosch, Ronald"]
[Black "Ruck, Tamas"]
[Result "1-0"]
[WhiteElo "2196"]
[BlackElo "2351"]
[PlyCount "135"]
[EventDate "2014.10.03"]
[EventType "team"]
[EventRounds "11"]
[EventCountry "AUT"]
[WhiteTeam "RbEJ Gleisdorf"]
[BlackTeam "Union Styria Graz"]

1. d4 Nf6 2. Nf3 e6 3. e3 b6 4. Bd3 Bb7 5. O-O c5 6. b3 Be7 7. Bb2 O-O 8. c4
cxd4 9. Nxd4 d6 10. Nd2 Nbd7 11. Qe2 Re8 12. Rad1 a6 13. Bb1 g6 14. f3 d5 15.
Kh1 e5 16. Nc2 b5 17. a3 Qb6 18. cxb5 axb5 19. Nb4 Bc5 20. Bd3 Bxe3 21. Bxb5
Bd4 22. Bc1 Rec8 23. a4 Bc5 24. Nd3 Bd4 25. Ba3 Ba6 26. Bxa6 Qxa6 27. Rc1 Kg7
28. g3 h5 29. Kg2 Qb7 30. Rxc8 Rxc8 31. Rc1 Re8 32. Nc5 Bxc5 33. Bxc5 d4 34.
Qc4 Nd5 35. Kg1 Nc3 36. Bxd4 Na2 37. Ra1 Rc8 38. Qb5 Qxb5 39. axb5 Nb4 40. Ra7
exd4 41. Rxd7 Rb8 42. Rxd4 Rxb5 43. Kf2 Nc6 44. Rd6 Na5 45. Rd3 Kf6 46. Ke2 Ke6
47. Kd1 h4 48. Kc2 hxg3 49. hxg3 Nc6 50. Kb2 Ne5 51. Rc3 g5 52. Re3 Kd5 53. Kc3
Rc5+ 54. Kb4 Nc6+ 55. Ka3 Kd4 56. Re4+ Kd3 57. Nc4 f5 58. Re6 Nd4 59. Re5 Rc8
60. Kb2 f4 61. Rxg5 Rb8 62. Na5 Nxf3 63. Rg4 fxg3 64. Rxg3 Ke4 65. Rg7 Ne5 66.
Re7 Rb4 67. Nc6 Kf4 68. Nxb4 1-0

[Event "2. BUNDESLIGA MITTE 2014/2015"]
[Site "Fuerstenfeld"]
[Date "2014.11.15"]
[Round "4"]
[Board "4"]
[White "Wittmann, Walter"]
[Black "Wegerer, Fred"]
[Result "0-1"]
[WhiteElo "2170"]
[BlackElo "2157"]
[PlyCount "94"]
[EventDate "2014.10.03"]
[EventType "team"]
[EventRounds "11"]
[EventCountry "AUT"]
[WhiteTeam "Union Styria Graz"]
[BlackTeam "RbEJ Gleisdorf"]

1. e4 g6 2. d4 Bg7 3. Nf3 c6 4. Bc4 d5 5. exd5 cxd5 6. Bb3 Nc6 7. c3 Nf6 8. O-O
O-O 9. Nbd2 Bf5 10. Re1 Na5 11. Bc2 Bxc2 12. Qxc2 Rc8 13. Qd3 a6 14. Ne5 e6 15.
b3 Nc6 16. Nxc6 Rxc6 17. Bb2 Qb8 18. h3 Rfc8 19. a4 Nd7 20. Nf3 b5 21. axb5
axb5 22. Ra5 Rb6 23. Rea1 Qb7 24. Bc1 Qc6 25. Bd2 f6 26. Be1 e5 27. Nh2 e4 28.
Qe3 f5 29. f3 Nf6 30. Ra7 Rb7 31. Rxb7 Qxb7 32. Qf4 b4 33. cxb4 Nh5 34. Qd2 Nf4
35. Bf2 Nd3 36. Rd1 Qxb4 37. Qxb4 Nxb4 38. g4 Rc2 39. gxf5 gxf5 40. fxe4 dxe4
41. d5 Nd3 42. Bb6 Be5 43. Nf1 Rb2 44. Ra1 Rxb3 45. Ra8+ Kf7 46. Ra7+ Kg6 47.
Bd8 Bd4+ 0-1

[Event "2. BUNDESLIGA MITTE 2014/2015"]
[Site "Fuerstenfeld"]
[Date "2014.11.15"]
[Round "4"]
[Board "5"]
[White "Watzka, Horst"]
[Black "Manhardt, Thomas"]
[Result "1-0"]
[WhiteElo "2235"]
[BlackElo "2246"]
[PlyCount "63"]
[EventDate "2014.10.03"]
[EventType "team"]
[EventRounds "11"]
[EventCountry "AUT"]
[WhiteTeam "RbEJ Gleisdorf"]
[BlackTeam "Union Styria Graz"]

1. e4 c5 2. Nf3 Nc6 3. Bb5 g6 4. Bxc6 bxc6 5. O-O Bg7 6. Re1 e5 7. c3 Ne7 8. d4
cxd4 9. cxd4 exd4 10. Nxd4 O-O 11. Nc3 d6 12. Bg5 Bb7 13. Qd2 Re8 14. Rad1 Qc7
15. Nb3 Rad8 16. Bh6 Bh8 17. Bf4 Nc8 18. Bg5 Ne7 19. Bf4 Nc8 20. Rc1 Qe7 21.
Bg5 f6 22. Be3 Ba8 23. Na5 Qf7 24. b3 f5 25. f3 Nb6 26. Bf2 d5 27. exf5 Qxf5
28. Bd4 c5 29. Bxh8 Kxh8 30. Nb5 d4 31. Rxe8+ Rxe8 32. Nd6 1-0

[Event "2. BUNDESLIGA MITTE 2014/2015"]
[Site "Fuerstenfeld"]
[Date "2014.11.15"]
[Round "4"]
[Board "6"]
[White "Matosec, Thomas"]
[Black "Missethan, Michael"]
[Result "1-0"]
[WhiteElo "2080"]
[BlackElo "2099"]
[PlyCount "97"]
[EventDate "2014.10.03"]
[EventType "team"]
[EventRounds "11"]
[EventCountry "AUT"]
[WhiteTeam "Union Styria Graz"]
[BlackTeam "RbEJ Gleisdorf"]

1. d4 d5 2. Nf3 Nf6 3. c4 e6 4. g3 dxc4 5. Bg2 Nc6 6. Qa4 Bd7 7. Qxc4 Na5 8.
Qc2 Rc8 9. Nc3 c5 10. O-O b5 11. Qd1 Be7 12. e4 b4 13. e5 bxc3 14. exf6 Bxf6
15. bxc3 cxd4 16. cxd4 O-O 17. Ba3 Re8 18. Ne5 Nc4 19. Nxd7 Qxd7 20. Bc5 Red8
21. Rc1 Nb6 22. Bxb6 Rxc1 23. Qxc1 axb6 24. Qc4 Qxd4 25. Qxd4 Bxd4 26. a4 Bc5
27. Bf3 Rd2 28. Kg2 Kf8 29. Bc6 Ke7 30. g4 Kf6 31. Kg3 g5 32. h3 Bd6+ 33. Kg2
Bc5 34. Kg3 h6 35. Bb5 e5 36. Kf3 Rb2 37. Ke4 Rb3 38. f3 Rb2 39. Kd5 Rh2 40. a5
Ra2 41. a6 Ke7 42. Kc6 Bd6 43. Rc1 e4 44. fxe4 Ra5 45. Kxb6 Ra3 46. a7 Bf4 47.
Re1 Bg3 48. Re2 Be5 49. Kb7 1-0

[Event "2. BUNDESLIGA MITTE 2014/2015"]
[Site "Sauwald"]
[Date "2014.11.16"]
[Round "5"]
[Board "1"]
[White "Sandhoefner, Florian"]
[Black "Felsberger, Alfred"]
[Result "1/2-1/2"]
[WhiteElo "2336"]
[BlackElo "2342"]
[PlyCount "133"]
[EventDate "2014.10.03"]
[EventType "team"]
[EventRounds "11"]
[EventCountry "AUT"]
[WhiteTeam "ASK St. Valentin"]
[BlackTeam "Union Ansfelden"]

1. e4 c5 2. Nf3 d6 3. d4 cxd4 4. Nxd4 Nf6 5. Nc3 Nc6 6. Bc4 e6 7. Bb3 a6 8. Be3
Qc7 9. O-O Be7 10. f4 O-O 11. f5 Nxd4 12. Bxd4 b5 13. fxe6 Bxe6 14. Nd5 Bxd5
15. exd5 Nd7 16. c3 Bf6 17. Bf2 Rab8 18. Bc2 g6 19. a3 a5 20. Bd3 Be5 21. Qd2
Nf6 22. Be2 Ne4 23. Qe3 Rfe8 24. Kh1 Bg7 25. Qd3 Nxf2+ 26. Rxf2 b4 27. axb4
axb4 28. Raf1 bxc3 29. bxc3 Re7 30. c4 Qc5 31. Rf3 Rc8 32. Rb1 Be5 33. Bf1 Qa5
34. g3 Qa7 35. Bh3 Rcc7 36. Bf1 Kg7 37. Qa3 Qd4 38. Qd3 Qg4 39. Rf2 h5 40. Qf3
Qg5 41. Rd1 f5 42. Rg2 Qf6 43. Rc1 Bd4 44. Re2 Rxe2 45. Bxe2 Re7 46. Rd1 Re3
47. Qf2 Bc5 48. Qf1 Ra3 49. Bf3 Qc3 50. Bg2 Ra2 51. Qe1 Qxe1+ 52. Rxe1 Kh6 53.
Bf1 Kg5 54. Re6 Rd2 55. Re2 Rd4 56. Re6 h4 57. Kg2 Rd2+ 58. Re2 Rd1 59. gxh4+
Kxh4 60. Re6 Rd2+ 61. Be2 Kg5 62. Kg3 Rd4 63. h4+ Rxh4 64. Rxg6+ Kxg6 65. Kxh4
Kf6 66. Kg3 Ke5 67. Kf3 1/2-1/2

[Event "2. BUNDESLIGA MITTE 2014/2015"]
[Site "Sauwald"]
[Date "2014.11.16"]
[Round "5"]
[Board "2"]
[White "Weiss, Christian"]
[Black "Kranzl, Peter"]
[Result "1-0"]
[WhiteElo "2382"]
[BlackElo "2215"]
[PlyCount "55"]
[EventDate "2014.10.03"]
[EventType "team"]
[EventRounds "11"]
[EventCountry "AUT"]
[WhiteTeam "Union Ansfelden"]
[BlackTeam "ASK St. Valentin"]

1. c4 Nf6 2. Nc3 g6 3. g3 Bg7 4. Bg2 O-O 5. e4 d6 6. Nge2 e5 7. d3 c6 8. h3 Be6
9. f4 Na6 10. O-O Qc8 11. Kh2 Ne8 12. b3 f5 13. Bb2 Nac7 14. exf5 gxf5 15. Qd2
Qd7 16. Rad1 Nf6 17. Na4 Nh5 18. fxe5 Bxe5 19. d4 Bg7 20. d5 cxd5 21. cxd5 Bf7
22. Bxg7 Nxg7 23. Nf4 Rfe8 24. Rf2 Re5 25. Nb2 b6 26. Nbd3 Ree8 27. Nb4 Na6 28.
Nxa6 1-0

[Event "2. BUNDESLIGA MITTE 2014/2015"]
[Site "Sauwald"]
[Date "2014.11.16"]
[Round "5"]
[Board "3"]
[White "Theuretzbacher, Klaus"]
[Black "Casagrande, Harald"]
[Result "1/2-1/2"]
[WhiteElo "2240"]
[BlackElo "2318"]
[PlyCount "61"]
[EventDate "2014.10.03"]
[EventType "team"]
[EventRounds "11"]
[EventCountry "AUT"]
[WhiteTeam "ASK St. Valentin"]
[BlackTeam "Union Ansfelden"]

1. e4 c6 2. Nf3 d5 3. exd5 cxd5 4. Ne5 Nc6 5. Bb5 Bd7 6. Nxd7 Qxd7 7. d4 a6 8.
Be2 Nf6 9. O-O e6 10. c3 Bd6 11. Nd2 O-O 12. f4 Qc7 13. g3 b5 14. a3 Rab8 15.
Bd3 a5 16. Qf3 b4 17. axb4 axb4 18. Re1 Na5 19. Nf1 g6 20. f5 exf5 21. Bxf5
bxc3 22. bxc3 Nb3 23. Bg5 Ne8 24. Rab1 gxf5 25. Qxf5 Qxc3 26. Bf6 Nxf6 27. Qg5+
Kh8 28. Qxf6+ Kg8 29. Qg5+ Kh8 30. Qf6+ Kg8 31. Qg5+ 1/2-1/2

[Event "2. BUNDESLIGA MITTE 2014/2015"]
[Site "Sauwald"]
[Date "2014.11.16"]
[Round "5"]
[Board "4"]
[White "Mostbauer, Maximilian"]
[Black "Tober, Gerhard"]
[Result "1/2-1/2"]
[WhiteElo "2184"]
[BlackElo "2229"]
[PlyCount "62"]
[EventDate "2014.10.03"]
[EventType "team"]
[EventRounds "11"]
[EventCountry "AUT"]
[WhiteTeam "Union Ansfelden"]
[BlackTeam "ASK St. Valentin"]

1. d4 d5 2. Nf3 e6 3. c4 Nf6 4. Nc3 b6 5. cxd5 exd5 6. Bg5 Be7 7. e3 O-O 8. Bd3
h6 9. Bh4 Bb7 10. Qc2 c5 11. O-O Nc6 12. a3 c4 13. Bf5 a6 14. Rad1 Nh5 15. Bg4
Bxh4 16. Bxh5 Bf6 17. e4 dxe4 18. Nxe4 g6 19. Bg4 Bg7 20. d5 Na5 21. Nc3 f5 22.
Bh3 Nb3 23. g3 b5 24. Bg2 Qb6 25. Ne2 Rad8 26. Nf4 Nc5 27. Nd4 Bxd4 28. Rxd4 g5
29. Ne2 Rfe8 30. Rdd1 Nd3 31. b3 Rc8 1/2-1/2

[Event "2. BUNDESLIGA MITTE 2014/2015"]
[Site "Sauwald"]
[Date "2014.11.16"]
[Round "5"]
[Board "5"]
[White "Heimberger, Reinhard"]
[Black "Knoll, Hermann"]
[Result "1-0"]
[WhiteElo "2254"]
[BlackElo "2314"]
[PlyCount "131"]
[EventDate "2014.10.03"]
[EventType "team"]
[EventRounds "11"]
[EventCountry "AUT"]
[WhiteTeam "ASK St. Valentin"]
[BlackTeam "Union Ansfelden"]

1. c4 e5 2. Nc3 Nf6 3. e4 Nc6 4. g3 Bc5 5. Bg2 h6 6. Nf3 d6 7. O-O a6 8. h3 Nh7
9. Kh2 Ng5 10. Ng1 Ne6 11. f4 Ned4 12. d3 Be6 13. f5 Bd7 14. Nd5 Ba7 15. Be3 f6
16. Rc1 Kf8 17. b4 Ne7 18. Bxd4 Bxd4 19. Nf3 Nxd5 20. cxd5 Bb6 21. Nh4 Be8 22.
a4 Be3 23. Rc4 b5 24. axb5 axb5 25. Rc2 Bb6 26. Bf3 h5 27. Qe2 Ra4 28. Rb1 Qa8
29. Rbb2 Ke7 30. Ng6+ Bxg6 31. fxg6 h4 32. gxh4 Rxh4 33. Bg4 f5 34. Bxf5 Rf4
35. Qh5 Qf8 36. Rc6 Qf6 37. Rbc2 Ra7 38. Qh8 Qf8 39. Qh7 Qf6 40. Qg8 Rf2+ 41.
Rxf2 Bxf2 42. Rc2 Bb6 43. Qc8 Ra1 44. Qd7+ Kf8 45. Qc8+ Ke7 46. Rg2 Ra3 47. Rg4
Rxd3 48. Qd7+ Kf8 49. Qxb5 Rd2+ 50. Kg3 Qd8 51. Qc6 Ra2 52. h4 Bf2+ 53. Kh3
Bxh4 54. Rxh4 Rh2+ 55. Kxh2 Qxh4+ 56. Kg2 Qg5+ 57. Kf3 Qd2 58. Qc4 Qd1+ 59. Qe2
Qb3+ 60. Kg4 Qb1 61. Qf2 Ke7 62. b5 Qd1+ 63. Kh4 Qh1+ 64. Kg3 Qh5 65. Bg4 Qxg6
66. Qf5 1-0

[Event "2. BUNDESLIGA MITTE 2014/2015"]
[Site "Sauwald"]
[Date "2014.11.16"]
[Round "5"]
[Board "6"]
[White "Mostbauer, Florian"]
[Black "Dornauer, Joachim"]
[Result "1/2-1/2"]
[WhiteElo "2189"]
[BlackElo "2150"]
[PlyCount "83"]
[EventDate "2014.10.03"]
[EventType "team"]
[EventRounds "11"]
[EventCountry "AUT"]
[WhiteTeam "Union Ansfelden"]
[BlackTeam "ASK St. Valentin"]

1. d4 d5 2. c4 e6 3. Nc3 Nf6 4. cxd5 exd5 5. Bg5 Be7 6. e3 O-O 7. Qc2 c6 8. Bd3
Nbd7 9. Nge2 Re8 10. O-O Nf8 11. Rab1 a5 12. Na4 Ne4 13. Bxe7 Qxe7 14. Nb6 Ra7
15. Bxe4 dxe4 16. Qc5 Qxc5 17. dxc5 Nd7 18. Nxd7 Bxd7 19. Nc3 Be6 20. b3 f5 21.
Rfd1 Raa8 22. Rd4 Red8 23. Rbd1 Rxd4 24. Rxd4 Kf7 25. g4 g6 26. Kg2 Kf6 27.
gxf5 gxf5 28. Ne2 a4 29. Rxa4 Rxa4 30. bxa4 Bxa2 31. Kg3 Ke5 32. Kh4 Kf6 {
mit Remisanbot} 33. Kg3 Ke5 34. Kh4 Kf6 35. Kh5 Bb3 36. Nc3 Kg7 37. Kg5 Be6 38.
Ne2 h6+ 39. Kf4 Kf6 40. Nd4 Bd7 41. a5 Bc8 42. Nc2 1/2-1/2

[Event "2. BUNDESLIGA MITTE 2014/2015"]
[Site "Sauwald"]
[Date "2014.11.16"]
[Round "5"]
[Board "1"]
[White "Burlacu, Bogdan"]
[Black "Schmidt, Peter"]
[Result "1-0"]
[WhiteElo "2309"]
[BlackElo "2388"]
[PlyCount "81"]
[EventDate "2014.10.03"]
[EventType "team"]
[EventRounds "11"]
[EventCountry "AUT"]
[WhiteTeam "Union Hartkirchen - Sektion Schach"]
[BlackTeam "Spg. Sauwald"]

1. e4 d6 2. d4 Nf6 3. Nc3 g6 4. Be3 Bg7 5. f3 O-O 6. Qd2 e5 7. dxe5 dxe5 8. Bd3
c6 9. O-O-O b5 10. Nce2 Be6 11. Kb1 Nbd7 12. g4 Rb8 13. g5 Nh5 14. Ng3 Nf4 15.
N1e2 Ng2 16. Bf2 c5 17. Nc3 c4 18. Bf1 Nf4 19. Nd5 Qxg5 20. Bxa7 Ra8 21. Be3
Rfc8 22. Ne2 Bxd5 23. Qxd5 Qd8 24. Qxb5 Rc7 25. Nxf4 exf4 26. Bxf4 Rb8 27. Bxc7
Qxc7 28. Rxd7 Qf4 29. Rb7 Rxb7 30. Qxb7 Qxf3 31. Bg2 Qxg2 32. Rd1 Be5 33. Qc8+
Kg7 34. Qxc4 h5 35. a4 h4 36. a5 Qxh2 37. a6 Qf2 38. Rf1 Qa7 39. Rxf7+ Qxf7 40.
Qxf7+ Kxf7 41. a7 1-0

[Event "2. BUNDESLIGA MITTE 2014/2015"]
[Site "Sauwald"]
[Date "2014.11.16"]
[Round "5"]
[Board "2"]
[White "Renner, Christoph"]
[Black "Konrad, Edmund"]
[Result "0-1"]
[WhiteElo "2351"]
[BlackElo "2187"]
[PlyCount "114"]
[EventDate "2014.10.03"]
[EventType "team"]
[EventRounds "11"]
[EventCountry "AUT"]
[WhiteTeam "Spg. Sauwald"]
[BlackTeam "Union Hartkirchen - Sektion Schach"]

1. e4 e6 2. d3 d5 3. Qe2 Nf6 4. Nf3 b6 5. e5 Nfd7 6. g3 c5 7. Bg2 Bb7 8. O-O
Nc6 9. c4 d4 10. h4 Be7 11. Re1 O-O 12. Nbd2 Re8 13. Nf1 f6 14. exf6 Bxf6 15.
N1h2 e5 16. Ng5 Bxg5 17. hxg5 Na5 18. Bd2 Qc7 19. Be4 Bxe4 20. Qxe4 Qc6 21.
Bxa5 Qxe4 22. Rxe4 bxa5 23. Nf3 Rab8 24. b3 Rb6 25. Rae1 Rbe6 26. Kg2 Kf7 27.
Kh3 Kg6 28. R1e2 R6e7 29. Kh4 Re6 30. Nh2 h6 31. f4 hxg5+ 32. fxg5 Kf7 33. Kg4
Ke7 34. Nf3 Kd6 35. Rh2 Rf8 36. Nh4 Kc6 37. Rhe2 Rf1 38. Re1 Rxe1 39. Rxe1 g6
40. Nf3 e4 41. dxe4 Ne5+ 42. Nxe5+ Rxe5 43. Kf4 Kd6 44. Rh1 Re7 45. Rh6 Rf7+
46. Kg4 Ke5 47. Rxg6 d3 48. Rh6 d2 49. Rh1 Rd7 50. Rd1 Kxe4 51. g6 Ke3 52. Kg5
Ke2 53. Rxd2+ Kxd2 54. Kh6 Rd4 55. Kh5 Kc3 56. g7 Rd8 57. Kh6 Kb2 0-1

[Event "2. BUNDESLIGA MITTE 2014/2015"]
[Site "Sauwald"]
[Date "2014.11.16"]
[Round "5"]
[Board "3"]
[White "Windhager, Hannes"]
[Black "Hiermann, Dietmar"]
[Result "1/2-1/2"]
[WhiteElo "2187"]
[BlackElo "2290"]
[PlyCount "81"]
[EventDate "2014.10.03"]
[EventType "team"]
[EventRounds "11"]
[EventCountry "AUT"]
[WhiteTeam "Union Hartkirchen - Sektion Schach"]
[BlackTeam "Spg. Sauwald"]

1. e4 e5 2. Bc4 Nf6 3. d3 Nc6 4. Nf3 Bc5 5. c3 a6 6. Bb3 d6 7. O-O Ba7 8. Nbd2
O-O 9. h3 h6 10. Re1 Be6 11. Nf1 Qd7 12. Be3 Rfe8 13. Bxa7 Rxa7 14. Ne3 Ne7 15.
Nh2 Raa8 16. Nhg4 Nxg4 17. hxg4 Rad8 18. d4 exd4 19. cxd4 Bxb3 20. Qxb3 c5 21.
dxc5 dxc5 22. Red1 Qc6 23. f3 b5 24. Rac1 c4 25. Qc3 Qb6 26. Kh1 Rxd1+ 27. Rxd1
Rd8 28. Nd5 Nxd5 29. Rxd5 Rc8 30. a3 Rc6 31. Qd2 {mit Remisanbot} a5 32. Rd8+
Kh7 33. Qd4 Rc5 34. Qd7 b4 35. axb4 axb4 36. Rf8 c3 37. Qxf7 c2 38. Qg8+ Kg6
39. Qf7+ Kh7 40. Qg8+ {mit Remisanbot} Kg6 41. Qf7+ 1/2-1/2

[Event "2. BUNDESLIGA MITTE 2014/2015"]
[Site "Sauwald"]
[Date "2014.11.16"]
[Round "5"]
[Board "4"]
[White "Testor, Sebastian"]
[Black "Mayerhofer, Peter"]
[Result "1-0"]
[WhiteElo "2286"]
[BlackElo "2190"]
[PlyCount "69"]
[EventDate "2014.10.03"]
[EventType "team"]
[EventRounds "11"]
[EventCountry "AUT"]
[WhiteTeam "Spg. Sauwald"]
[BlackTeam "Union Hartkirchen - Sektion Schach"]

1. c4 f5 2. g3 Nf6 3. Nc3 g6 4. Bg2 Bg7 5. d3 O-O 6. e4 fxe4 7. dxe4 e5 8. Nge2
d6 9. O-O Be6 10. Nd5 c5 11. Bg5 Nc6 12. f4 Bxd5 13. exd5 Nd4 14. fxe5 dxe5 15.
Nxd4 exd4 16. Bh3 Qb6 17. Be6+ Kh8 18. Qc2 Ne8 19. Rxf8+ Bxf8 20. Rf1 Bg7 21.
Rf7 Nd6 22. Rd7 d3 23. Qxd3 Qxb2 24. Rxd6 Bd4+ 25. Kh1 Rf8 26. Rd8 Rxd8 27.
Bxd8 Qf2 28. Qd1 Qe3 29. Bh3 Kg7 30. d6 h6 31. a4 b6 32. Be7 Kh7 33. Bg2 Kg7
34. Qf1 Kh7 35. Bd5 1-0

[Event "2. BUNDESLIGA MITTE 2014/2015"]
[Site "Sauwald"]
[Date "2014.11.16"]
[Round "5"]
[Board "5"]
[White "Kleibel, Uwe"]
[Black "Hellmayr, Alois"]
[Result "1/2-1/2"]
[WhiteElo "2210"]
[BlackElo "2237"]
[PlyCount "60"]
[EventDate "2014.10.03"]
[EventType "team"]
[EventRounds "11"]
[EventCountry "AUT"]
[WhiteTeam "Union Hartkirchen - Sektion Schach"]
[BlackTeam "Spg. Sauwald"]

1. e4 c5 2. Nf3 e6 3. g3 b6 4. Bg2 Bb7 5. Qe2 Nf6 6. e5 Nd5 7. c4 Nb4 8. d3 d5
9. a3 N4c6 10. O-O Be7 11. h4 h6 12. Re1 d4 13. Nbd2 Nd7 14. Nf1 Qc7 15. Bd2 a5
16. b3 Ra7 17. Rab1 Rg8 18. h5 Nf8 19. N1h2 Nh7 20. Ng4 Rh8 21. Nfh2 Nf8 22. f4
Nd8 23. Nf3 Kd7 24. b4 axb4 25. axb4 Kc8 26. bxc5 Bxc5 27. Nf2 f5 28. Ra1 Rxa1
29. Rxa1 g6 30. Nh4 gxh5 1/2-1/2

[Event "2. BUNDESLIGA MITTE 2014/2015"]
[Site "Sauwald"]
[Date "2014.11.16"]
[Round "5"]
[Board "6"]
[White "Taggatz, Mario"]
[Black "Ganglberger, Robert"]
[Result "1-0"]
[WhiteElo "2193"]
[BlackElo "2043"]
[PlyCount "99"]
[EventDate "2014.10.03"]
[EventType "team"]
[EventRounds "11"]
[EventCountry "AUT"]
[WhiteTeam "Spg. Sauwald"]
[BlackTeam "Union Hartkirchen - Sektion Schach"]

1. Nf3 Nf6 2. g3 c5 3. c4 Nc6 4. Bg2 g6 5. b3 Bg7 6. Bb2 d6 7. d4 cxd4 8. Nxd4
Bd7 9. O-O O-O 10. Nc3 Qb6 11. e3 Rac8 12. Qd2 a6 13. h3 Rfe8 14. Rac1 Qa5 15.
Rfd1 Qh5 16. Qe2 Qxe2 17. Ndxe2 h5 18. Rd2 Rb8 19. Nf4 Ne5 20. Ncd5 Nxd5 21.
Nxd5 Bc6 22. f4 Nd7 23. Bxg7 Kxg7 24. Kf2 Nf6 25. c5 Bxd5 26. Bxd5 e6 27. Bf3
dxc5 28. Rxc5 Red8 29. Rdc2 b6 30. Rc7 Rd7 31. Rxd7 Nxd7 {mit Remisanbot} 32.
b4 a5 33. Rc7 Nf6 34. a3 axb4 35. axb4 Ne8 36. Rc6 Kf8 37. g4 hxg4 38. hxg4 Ke7
39. Rc2 Rd8 40. Ke2 Rd6 41. Ra2 Nc7 42. Ra7 Kd8 43. g5 Kc8 44. Be4 Kb8 45. Ra1
Kc8 46. Rh1 Kd8 47. Rh7 Ke8 48. Bxg6 Rd7 49. Bxf7+ Rxf7 50. g6 1-0

[Event "2. BUNDESLIGA MITTE 2014/2015"]
[Site "Sauwald"]
[Date "2014.11.16"]
[Round "5"]
[Board "1"]
[White "Pilaj, Herwig"]
[Black "Kociscak, Jiri"]
[Result "0-1"]
[WhiteElo "2388"]
[BlackElo "2470"]
[PlyCount "64"]
[EventDate "2014.10.03"]
[EventType "team"]
[EventRounds "11"]
[EventCountry "AUT"]
[WhiteTeam "SC Die Klagenfurter"]
[BlackTeam "SV Steyregg"]

1. d4 f5 2. Nc3 d5 3. Bf4 a6 4. Bg5 h6 5. Bh4 g5 6. e3 Nf6 7. Bg3 e6 8. h4 g4
9. Nge2 Bd6 10. h5 Nc6 11. Qd2 Qe7 12. f3 Qf7 13. O-O-O Bd7 14. e4 fxe4 15.
fxe4 Nxe4 16. Nxe4 dxe4 17. Kb1 O-O-O 18. Qe3 e5 19. d5 Nd4 20. Nxd4 exd4 21.
Rxd4 Bxg3 22. Qxg3 Rhf8 23. Bc4 Qf2 24. Qc3 Kb8 25. Re1 Bf5 26. a4 Rd6 27. g3
e3 28. Rxe3 Bxc2+ 29. Ka2 Bxa4 30. Re2 Qf3 31. Re3 Qg2 32. Qb4 Rf2 0-1

[Event "2. BUNDESLIGA MITTE 2014/2015"]
[Site "Sauwald"]
[Date "2014.11.16"]
[Round "5"]
[Board "2"]
[White "Velicka, Petr"]
[Black "Petschar, Kurt"]
[Result "1/2-1/2"]
[WhiteElo "2412"]
[BlackElo "2271"]
[PlyCount "60"]
[EventDate "2014.10.03"]
[EventType "team"]
[EventRounds "11"]
[EventCountry "AUT"]
[WhiteTeam "SV Steyregg"]
[BlackTeam "SC Die Klagenfurter"]

1. e4 e6 2. d4 d5 3. Nd2 c5 4. exd5 Qxd5 5. Ngf3 cxd4 6. Bc4 Qd7 7. O-O Nc6 8.
Nb3 Nf6 9. Nbxd4 Nxd4 10. Nxd4 a6 11. Bf4 b5 12. Bb3 Bc5 13. c3 Bb7 14. Be5 O-O
15. Qe2 Qe7 16. Rad1 Rfd8 17. Rd3 Bd5 18. Rfd1 Rac8 19. Rh3 h6 20. Rg3 Bd6 21.
Bxd5 Bxe5 22. Nc6 Qc7 23. Nxe5 Rxd5 24. Ng4 Rxd1+ 25. Qxd1 Nxg4 26. Qxg4 g6 27.
Rd3 Rd8 28. Rd4 e5 29. Rxd8+ Qxd8 30. Qe2 Qd5 1/2-1/2

[Event "2. BUNDESLIGA MITTE 2014/2015"]
[Site "Sauwald"]
[Date "2014.11.16"]
[Round "5"]
[Board "3"]
[White "Wertjanz, David"]
[Black "Enoeckl, Philipp"]
[Result "0-1"]
[WhiteElo "2242"]
[BlackElo "2349"]
[PlyCount "58"]
[EventDate "2014.10.03"]
[EventType "team"]
[EventRounds "11"]
[EventCountry "AUT"]
[WhiteTeam "SC Die Klagenfurter"]
[BlackTeam "SV Steyregg"]

1. e4 {[%emt 0:00:00]} e6 2. d4 d5 3. Nd2 Nf6 4. e5 Nfd7 5. Bd3 c5 6. c3 Nc6 7.
Ne2 cxd4 8. cxd4 f6 9. exf6 Nxf6 10. Nf3 Bd6 11. O-O Qc7 12. g3 O-O 13. Bf4 Bd7
14. Rc1 Bxf4 15. Nxf4 Qb6 16. Qd2 Rae8 17. Rfe1 Nxd4 18. Nxd4 e5 19. Nde2 exf4
20. Nxf4 Kh8 21. h4 Bc6 22. Bb1 Ne4 23. Bxe4 dxe4 24. Qc3 Qb5 25. Rcd1 Qf5 26.
Qe3 Qg4 27. Rd6 a6 28. Red1 Rf6 29. Rxf6 Qxd1+ 0-1

[Event "2. BUNDESLIGA MITTE 2014/2015"]
[Site "Sauwald"]
[Date "2014.11.16"]
[Round "5"]
[Board "4"]
[White "Wiesinger, Robert"]
[Black "Genser, Harald"]
[Result "1/2-1/2"]
[WhiteElo "2191"]
[BlackElo "2277"]
[PlyCount "63"]
[EventDate "2014.10.03"]
[EventType "team"]
[EventRounds "11"]
[EventCountry "AUT"]
[WhiteTeam "SV Steyregg"]
[BlackTeam "SC Die Klagenfurter"]

1. e4 e6 2. d4 d5 3. Nc3 Nf6 4. e5 Nfd7 5. f4 c5 6. Nf3 Nc6 7. Be3 Be7 8. Qd2
O-O 9. dxc5 Bxc5 10. Bxc5 Nxc5 11. O-O-O Qb6 12. Bd3 Rd8 13. Kb1 Ne4 14. Qe1
Nxc3+ 15. Qxc3 Qb4 16. Qxb4 Nxb4 17. a3 Nc6 18. Kc1 Bd7 19. Kd2 Ne7 20. Nd4 a6
21. Ke3 Nc6 22. b3 b6 23. Nxc6 Bxc6 24. Kd4 Bb5 25. a4 Bxd3 26. cxd3 Rdc8 27.
Rc1 Kf8 28. Ke3 Ke7 29. Kd2 Kd7 30. d4 a5 31. Rxc8 Rxc8 32. Rc1 1/2-1/2

[Event "2. BUNDESLIGA MITTE 2014/2015"]
[Site "Sauwald"]
[Date "2014.11.16"]
[Round "5"]
[Board "5"]
[White "Titz, Heimo"]
[Black "Pierecker, Markus"]
[Result "1-0"]
[WhiteElo "2120"]
[BlackElo "2152"]
[PlyCount "47"]
[EventDate "2014.10.03"]
[EventType "team"]
[EventRounds "11"]
[EventCountry "AUT"]
[WhiteTeam "SC Die Klagenfurter"]
[BlackTeam "SV Steyregg"]

1. c4 {[%emt 0:00:00]} g6 {[%emt 0:00:00]} 2. Nc3 Bg7 3. d4 Nf6 4. e4 d6 5. Nf3
O-O 6. Be2 e5 7. d5 a5 8. Bg5 h6 9. Bh4 Na6 10. Nd2 Nc5 11. b3 Bd7 12. a3 Qe8
13. Rb1 b6 14. Qc2 Nh7 15. b4 axb4 16. axb4 Na4 17. Nb5 Bxb5 18. cxb5 f5 19. f3
Ra7 20. O-O Bf6 21. Bxf6 Nxf6 22. Ra1 Qa8 23. Ra3 fxe4 24. fxe4 1-0